| 000 | 00591nab a2200217 a 4500 | ||
|---|---|---|---|
| 005 | 20221126064353.0 | ||
| 008 | 991125s1985 mx 000 0 spa u | ||
| 035 | _aUPN01000153578 | ||
| 100 | 1 | _aLOPEZ CASTRO, Gustavo | |
| 222 | _aETHOS EDUCATIVO | ||
| 245 | _aAdolescentes mexicanos en la migración exterior | ||
| 260 | _aMorelia, México | ||
| 300 | _a61-78 | ||
| 362 | 0 | _a2006 2a época, año 11, nos. 36-37 | |
| 650 | 4 | _aMIGRACION | |
| 650 | 0 |
_aAdolescentes _91014 |
|
| 650 | 2 |
_aNiños _918906 |
|
| 650 | 2 |
_aSocialización _97257 |
|
| 905 | _aArticulo | ||
| 999 |
_c125699 _d125699 |
||